00494nam a2200145Ia 4500008004100000020001800041082001400059100004100073245004300114260001000157500001900167942000700186952014000193999001500333260604s9999 xx 000 0 und d a9780603570339 a808.3 EDW aDean International Publishing935382 0aMy Naughty Little Sister and Bad Harry bSHREE aNaughty Little cBK 00104070aIIMVbIIMVcChildren Collectiond2026-06-04g250.00l0o808.3 EDWp003803r2026-06-04 10:19:17v250.00w2026-06-04yBKBEDW c8185d8185